1494 1584 1178 1509 1558 1663 1542 1100 1031 1591 1936 1877 1582 1463 1825 1624 1437 1040 1319 1129 1249 1548 1115 1999 1949 1586 1462 1686 1305 1728 1255 1447 1560 1308 1037 1756 1230 1078 1951 1492 1665 1784 1540 1171 1618 1974 1251 1565 1910 1689 1312 1233 1748 1889 1388 1599 1459 1180 1852 1845 1251 1342 1239 1313 1782 1095 1448 1637 1641 1895 1908 1082 1876 1366 1615 1196 1028 1369 1447 1417 1686 1322 1842 1329 1485 1511 1717 1759 1856 1319 1335 1337 1054 1632 1389 1730 1562 1208 1011 BCNSPRNW ULIB Ver.6.0+V

เปลี่ยนเป็นภาษาไทย

Change to English
 แสดงรายละเอียดบรรณานุกรม
  กลับหน้าหลัก

Brief Record : Get Marc (ISO 2709) : E-mail record : QR code < ปิดหน้าต่าง
LEADER : 00000nam 2200000uu 4500
001    13399111779
003     ULIB
008    110627s2547||||th 000 0 tha d
060  4 WY16^bส897ป 2547
100 0  เสาวพฤกษ์ ชื่นเจริญ
245 00 ปัจจัยที่มีอิทธิพลต่อความสนใจเลือกเรียนวิชาการพยาบาลของนักเรียนมัธยมศึกษาปีที่ 6 โรงเรียนมัธยมในเขตอำเภอเมือง จังหวัดสงขลา/^cเสาวพฤกษ์ ชื่นเจริญ
260    สงขลา :^bวิทยาลัยพยาบาลบรมราชชนนี สงขลา,^c2547
300    67 หน้า
650  7 พยาบาล^xวิจัย
650  7 ความสนใจเลือกเรียนเรียนวิชาชีพ^xวิจัย
650  7 วิชาชีพการพยาบาล^xวิจัย
945    ^p0^l0^i018359
995    ทศพร
999 ^a ใช้งานได้ทุกระบบ
รายการนี้ยังไม่มีแท็ก
คุณยังไม่ได้ล็อกอิน คุณสามารถมีกิจกรรมร่วมกับเว็บไซต์ได้ แต่ต้องล็อกอินก่อน ::
  ล็อกอิน

รายการสื่อสารสนเทศ

ลำดับที่ ประเภท เลขเรียก/บาร์โค้ด สถานที่ สถานะ
- ไม่พบข้อมูล -

รายการใกล้เคียง
    ผู้แต่ง [เสาวพฤกษ์ ชื่นเจริญ]

BibComment


ยังไม่เคยถูกคอมเมนท์

คอมเมนท์ทรัพยากรรายการนี้
  คอมเมนท์: ปัจจัยที่มีอิทธิพ..


 Copyright 2026. Bcnsprnw @Library